00575nam a2200181 450000500170000001000130001702000180003003500130004803700140006108200150007510000170009024500790010725000120018626000300019827000820022830000330031050000500034320181029145939.0 aB-710666 a9780385508643 aB-710666 bDoubleday a973.924092 aRosen, James aThe strong man:bJohn Mitchell and the secrets of watergate /cJames Rosen a1st ed. aNew YorkbDoubledayc2008 aThe Doubleday Broadway Publishing Group, a Division of Random HousebNew York axxv, 609p.bill.c24cm (pbk) aIncludes bibliographical references and index